Test culture générale- 20 - Statistiques

Statistiques générales
  • Ce quiz a été pris 3 184 fois
  • Le résultat moyen est 6 sur 10
Statistiques - réponses
Questions Réponses % Correct
Quelle est la couleur du rubis? Rouge
99%
Quel roi était surnommé le « Roi-Soleil »? Louis XIV
95%
Quelle est la capitale de la Suède? Stockholm
83%
Dans quel roman de Victor Hugo retrouve-t-on le personnage de Quasimodo? Notre-Dame de Paris
82%
Qui incarne Cyrano de Bergerac dans le film éponyme de 1990? Gérard Depardieu
70%
É qu’elle année le groupe Village People chante-t-il « In the navy »? En 1979
39%
Quelle entreprise fondée par Jack Ma, domine le commerce électronique en Chine? Alibaba
38%
« Vous n’avez pas le monopole du cœur ». À qui Valéry Giscard d’Estaing s’adresse-t-il? François Mitterrand
30%
Quel pays a interdit la construction de minaret (Tour d'une mosquée du haut de laquelle le muezzin invite les fidèles musulmans à la prière) après un référendum en 2009? La Suisse
23%
En France, sous Charlemagne jusqu’en 1270, quel est la monnaie utilisée? La livre
7%
Aucun quiz correspondant
Distribution des résultats
% des personnes avec chaque résultat
Percentile par nombre de réponses
Votre historique - résultats
Vous n’avez pas pris ce quiz